Decision making in small groups : the search for alternatives /

Збережено в:
Бібліографічні деталі
Автор: Kowitz, Albert C.
Інші автори: Knutson, Thomas J.
Формат: Книга
Мова:Англійська
Опубліковано: Boston : Allyn and Bacon, c1980.
Предмети:
Теги: Додати тег
Немає тегів, Будьте першим, хто поставить тег для цього запису!

MARC

LEADER 00000cam a22000002a 4500
001 0000005441
003 DAYSTAR
005 20171002014346.0
008 030703s1980 mau 001 0 eng d
020 |a 020506650x 
040 |a Daystar 
040 |d Gmuthoni 
050 0 0 |a HM 133  |b .K68 
100 1 |a Kowitz, Albert C. 
245 1 0 |a Decision making in small groups :  |b the search for alternatives /  |c Albert C. Kowitz. 
260 |a Boston :  |b Allyn and Bacon,  |c c1980. 
300 |a 226 p. 
650 0 |a Decision- making, Group. 
650 0 |a Small group. 
700 1 |a Knutson, Thomas J. 
908 |a 060412 
942 |c G 
952 |0 1  |1 0  |4 0  |6 HM0133 K68  |7 0  |9 1208  |a DUN  |b DUN  |c STORE  |d 2017-09-28  |l 0  |o HM 133.K68  |p BK033688  |r 2017-09-28 00:00:00  |w 2017-09-28  |x 44740  |y G 
999 |c 795  |d 795